00438nam a2200169Ia 450000500170000000800410001702000220005804100120008008200150009210000190010724500570012625000080018326000150019150000150020665000230022170000240024420240823022811.0240823s9999||||xx |||||||||||||| ||und|| a978-81-8128-719-9 aENGLISH A574.191 P4 aHumphrey Jay D 0aBiomechanics : Solids and Fluids Analysis and Design a1st c2004bMacm aTRANSFERED aMechanicsbPhysics a" Delange,Sherry L"